Statistics for Countries of North America with an Empty Map

Click here to take the quiz!

General Stats

  • This quiz has been taken 72,838 times
  • The average score is 21 of 23

Answers on the Map

Answers color-coded by a green-red scale on the quiz's map according to % correct below.
 

Answer Stats

Country% Correct
Canada
100%
United States
100%
Mexico
99%
Cuba
96%
Panama
95%
Haiti
93%
Honduras
93%
Costa Rica
92%
Guatemala
92%
Jamaica
92%
Dominica
91%
Nicaragua
91%
Bahamas
90%
Dominican Republic
90%
Belize
89%
El Salvador
89%
Barbados
86%
Antigua and Barbuda
83%
Saint Lucia
83%
Trinidad and Tobago
83%
Saint Kitts and Nevis
82%
Grenada
79%
Saint Vincent and the
Grenadines
79%

Score Distribution

Percentile by Number Answered

Percent of People with Each Score

Your Score History

You have not taken this quiz